[Event "Sports Meet Chess Tour 55th"]
[Site "New Delhi"]
[Date "2022.12.18"]
[Round "4.3"]
[White "Gagan"]
[Black "Dhannawat, Chakshu"]
[Result "0-1"]
[WhiteElo "1199"]
[BlackElo "1551"]
[PlyCount "110"]
[EventDate "2022.12.15"]
[EventType "team-swiss"]
[EventRounds "7"]
[EventCountry "IND"]
[SourceTitle "CBM 212 Extra"]
[Source "ChessBase"]
[SourceDate "2023.03.31"]
[SourceVersion "1"]
[SourceVersionDate "2023.03.31"]
[SourceQuality "1"]
[WhiteTeam "Dhanbad"]
[BlackTeam "Jodhpur"]
[WhiteTeamCountry "IND"]
[BlackTeamCountry "IND"]

1. e4 e6 2. d4 d5 3. exd5 exd5 4. Nf3 Bd6 5. h3 Nc6 6. Be3 Bf5 7. c3 Nge7 8. Bd3 Qd7 9. Qc2 f6 10. Nbd2 a6 11. 0-0-0 0-0-0 12. Nb3 Kb8 13. Rde1 Bxd3 14. Qxd3 Ng6 15. g3 f5 16. Nc5 Bxc5 17. dxc5 Nge5 18. Nxe5 Nxe5 19. Qd1 Qb5 20. Kb1 Nd3 21. Re2 Nxc5 22. Bxc5 Qxc5 23. Qc2 Rhe8 24. Rhe1 Rxe2 25. Rxe2 g6 26. Re6 d4 27. Qd3 Qd5 28. Re7 h5 29. h4 Qd6 30. Re2 dxc3 31. Qxd6 Rxd6 32. Re8+ Ka7 33. bxc3 Rd2 34. f4 Rd3 35. Kc2 Rxg3 36. Re6 c6 37. Kd2 Kb6 38. Re3 Rg4 39. Re6 Rxf4 40. Rxg6 Rxh4 41. a3 Kc5 42. Rg5 Kc4 43. Rxf5 Rh2+ 44. Ke3 Kxc3 45. Rc5+ Kb3 46. Ra5 h4 47. Kf3 Ra2 48. Rh5 Rxa3 49. Rxh4 c5 50. Rh6 b5 51. Ke4 c4 52. Kd4 Kb4 53. Rh1 Rd3+ 54. Ke4 a5 55. Rb1+ Kc5 0-1